[Event "Titled Tuesday intern op 16th Apr Early"]
[Site "Chess.com INT"]
[Date "2024.04.16"]
[Round "7"]
[White "De Silva, LMST"]
[Black "Kuzubov, Yuriy"]
[Result "0-1"]
[WhiteElo "2362"]
[BlackElo "2606"]
[PlyCount "50"]
[EventDate "2024.04.16"]
[EventType "swiss (blitz)"]
[EventRounds "11"]
[EventCountry "USA"]
[SourceTitle "CB17_2024"]
[SourceDate "2024.04.24"]
[SourceVersion "1"]
[SourceVersionDate "2024.04.24"]
[SourceQuality "1"]

1. e4 g6 2. d4 Bg7 3. Nf3 d6 4. Be2 Nf6 5. Nbd2 0-0 6. 0-0 Nc6 7. d5 Nb8 8. c4 Nbd7 9. Rb1 a5 10. b3 Nc5 11. Qc2 Nfxe4 12. Nxe4 Nxe4 13. Qxe4 Bf5 14. Qh4 Bxb1 15. Bg5 Bxa2 16. Bxe7 Qd7 17. Bxf8 Rxf8 18. Bd1 Bb1 19. Re1 Re8 20. Rxe8+ Qxe8 21. Qf4 Bf5 22. g4 Qe4 23. Qxe4 Bxe4 24. Kf1 Bd3+ 25. Kg2 Bc3 0-1

[Event "Titled Tuesday intern op 16th Apr Early"]
[Site "Chess.com INT"]
[Date "2024.04.16"]
[Round "4"]
[White "Oro, Faustino"]
[Black "De Silva, LMST"]
[Result "0-1"]
[WhiteElo "2330"]
[BlackElo "2362"]
[PlyCount "78"]
[EventDate "2024.04.16"]
[EventType "swiss (blitz)"]
[EventRounds "11"]
[EventCountry "USA"]
[SourceTitle "CB17_2024"]
[SourceDate "2024.04.24"]
[SourceVersion "1"]
[SourceVersionDate "2024.04.24"]
[SourceQuality "1"]

1. e4 e5 2. Nf3 Nc6 3. Bc4 Nf6 4. d3 h6 5. c3 d6 6. Nbd2 g5 7. 0-0 g4 8. Ne1 h5 9. f4 exf4 10. Rxf4 Bh6 11. Rf1 Be6 12. Bxe6 fxe6 13. d4 Qe7 14. Qe2 0-0-0 15. Nc4 Bxc1 16. Rxc1 Nxe4 17. Qxe4 d5 18. Qe2 dxc4 19. Qxc4 e5 20. d5 Nb8 21. Nc2 Nd7 22. Ne3 Nb6 23. Qe4 Rhf8 24. b4 Qg5 25. g3 h4 26. Qxg4+ Qxg4 27. Nxg4 hxg3 28. hxg3 Rg8 29. Nxe5 Rxd5 30. Nf3 Rxg3+ 31. Kf2 Rg8 32. Rfd1 Rf5 33. c4 Nd7 34. Rd5 Rf7 35. Rcd1 c6 36. Rh5 Nf6 37. Rh4 Ng4+ 38. Rxg4 Rxg4 39. Rc1 Rff4 0-1

[Event "Titled Tuesday intern op 16th Apr Early"]
[Site "Chess.com INT"]
[Date "2024.04.16"]
[Round "8"]
[White "Rakhmatullaev, Almas"]
[Black "De Silva, LMST"]
[Result "1-0"]
[WhiteElo "2425"]
[BlackElo "2362"]
[PlyCount "95"]
[EventDate "2024.04.16"]
[EventType "swiss (blitz)"]
[EventRounds "11"]
[EventCountry "USA"]
[SourceTitle "CB17_2024"]
[SourceDate "2024.04.24"]
[SourceVersion "1"]
[SourceVersionDate "2024.04.24"]
[SourceQuality "1"]

1. e4 e5 2. Nf3 Nc6 3. Bc4 Nf6 4. Ng5 d5 5. exd5 Na5 6. Bb5+ c6 7. dxc6 bxc6 8. Bd3 Nd5 9. Nf3 Bd6 10. 0-0 Nf4 11. Re1 Nxd3 12. cxd3 0-0 13. Nc3 c5 14. b3 Nc6 15. Ba3 Ba6 16. Ne4 Bxd3 17. Nxd6 Qxd6 18. Rc1 Rfe8 19. Bxc5 Qd5 20. Be3 e4 21. Rc5 Qd7 22. Nh4 Ne5 23. Qh5 f6 24. Rec1 g6 25. Qh6 Rac8 26. h3 Rxc5 27. Rxc5 Rc8 28. Qf4 Rxc5 29. Bxc5 Qc7 30. Qe3 Qd7 31. Bd4 Qe6 32. Bxe5 Qxe5 33. g4 Qa1+ 34. Kg2 Qxa2 35. Qd4 Qxb3 36. Qxf6 Qf7 37. Qe5 Qd7 38. f4 Qb7 39. Kg3 Qb6 40. f5 g5 41. Ng2 Kf7 42. h4 h6 43. hxg5 hxg5 44. Ne3 a5 45. Qd5+ Kf8 46. Qe5 a4 47. f6 Qc7 48. Qxc7 1-0

[Event "Titled Tuesday intern op 16th Apr Early"]
[Site "Chess.com INT"]
[Date "2024.04.16"]
[Round "3"]
[White "Redor, Menandro"]
[Black "De Silva, LMST"]
[Result "0-1"]
[WhiteElo "2032"]
[BlackElo "2362"]
[PlyCount "86"]
[EventDate "2024.04.16"]
[EventType "swiss (blitz)"]
[EventRounds "11"]
[EventCountry "USA"]
[SourceTitle "CB17_2024"]
[SourceDate "2024.04.24"]
[SourceVersion "1"]
[SourceVersionDate "2024.04.24"]
[SourceQuality "1"]

1. d4 Nf6 2. Bf4 e6 3. c3 d5 4. e3 Bd6 5. Bg3 0-0 6. Nd2 c5 7. Ngf3 b6 8. Ne5 Bb7 9. f4 Nc6 10. Bh4 Ne7 11. Bxf6 gxf6 12. Ng4 f5 13. Ne5 f6 14. Nef3 Ng6 15. Bd3 e5 16. Bxf5 exf4 17. exf4 Re8+ 18. Kf2 Nxf4 19. g3 Re2+ 20. Kf1 Ba6 21. c4 dxc4 22. gxf4 c3 23. Qb3+ Kh8 24. bxc3 Rxd2+ 25. Ke1 Bxf4 26. Nxd2 c4 27. Qc2 Qg8 28. Rf1 Qg5 29. Kd1 Re8 30. Nf3 Qh5 31. d5 Bb7 32. Be6 Rxe6 33. dxe6 Bxf3+ 34. Rxf3 Qxf3+ 35. Qe2 Qh1+ 36. Qe1 Qd5+ 37. Kc2 Qd3+ 38. Kb2 Bd2 39. e7 Qxc3+ 40. Kb1 Qd3+ 41. Kb2 c3+ 42. Kb3 c2+ 43. Kb2 Qc3# 0-1

[Event "Titled Tuesday intern op 02nd Apr Early"]
[Site "Chess.com INT"]
[Date "2024.04.02"]
[Round "2"]
[White "De Silva, LMST"]
[Black "Radhakrishnan, Sharath"]
[Result "0-1"]
[WhiteElo "2362"]
[BlackElo "1963"]
[PlyCount "72"]
[EventDate "2024.04.02"]
[EventType "swiss (blitz)"]
[EventRounds "11"]
[EventCountry "USA"]
[SourceTitle "CB15_2024"]
[SourceDate "2024.04.10"]
[SourceVersion "1"]
[SourceVersionDate "2024.04.10"]
[SourceQuality "1"]

1. Nf3 Nf6 2. e3 e6 3. c4 d5 4. Nc3 Be7 5. b3 0-0 6. Bb2 b6 7. g3 Bb7 8. Bg2 Nbd7 9. 0-0 c5 10. cxd5 exd5 11. d4 Rc8 12. dxc5 Nxc5 13. Rc1 Nce4 14. Nd4 Qd7 15. Qe2 Nxc3 16. Rxc3 Ne4 17. Rcc1 a5 18. Rfd1 Rxc1 19. Rxc1 Rc8 20. Qd1 Rxc1 21. Qxc1 Nc5 22. Qc2 Bf6 23. h3 g6 24. g4 Ba6 25. Bf3 Bd3 26. Qd2 Ba6 27. Nf5 Bxb2 28. Nh6+ Kg7 29. Qxb2+ Kxh6 30. h4 Ne4 31. Qe5 f6 32. Qb8 Qc8 33. Qxb6 Bb7 34. Qxa5 Qc1+ 35. Kg2 Qd2 36. Bxe4 Qxa5 0-1

[Event "SRI-ch"]
[Site "Colombo"]
[Date "2024.03.31"]
[Round "13"]
[White "Dandeniya, DDLN"]
[Black "De Silva, LMST"]
[Result "0-1"]
[WhiteElo "1800"]
[BlackElo "2362"]
[PlyCount "70"]
[EventDate "2024.03.22"]
[EventType "tourn"]
[EventRounds "13"]
[EventCountry "SRI"]
[SourceTitle "CB15_2024"]
[SourceDate "2024.04.10"]
[SourceVersion "1"]
[SourceVersionDate "2024.04.10"]
[SourceQuality "1"]

1. d4 Nf6 2. c4 e6 3. g3 d5 4. Bg2 Bb4+ 5. Bd2 a5 6. a3 Be7 7. Qc2 0-0 8. Nf3 c6 9. h4 Nbd7 10. Nc3 b6 11. Ng5 Bb7 12. e4 dxe4 13. Ncxe4 Qc8 14. Bc3 Rd8 15. d5 cxd5 16. Nxf6+ Nxf6 17. Bxf6 Bxf6 18. Qxh7+ Kf8 19. Qh8+ Ke7 20. Qh5 g6 21. Qe2 dxc4 22. Ne4 c3 23. 0-0 cxb2 24. Rab1 Bd4 25. Rfd1 Bg7 26. Qb5 Qc7 27. Qg5+ Kf8 28. h5 Qe7 29. h6 Bh8 30. Qe3 Rxd1+ 31. Rxd1 Rd8 32. Rb1 Qc7 33. h7 Qc2 34. Qh6+ Ke7 35. Qh4+ f6 0-1

[Event "SRI-ch"]
[Site "Colombo"]
[Date "2024.03.30"]
[Round "11"]
[White "Bandara, Dhanushka"]
[Black "De Silva, LMST"]
[Result "1/2-1/2"]
[WhiteElo "1883"]
[BlackElo "2362"]
[PlyCount "124"]
[EventDate "2024.03.22"]
[EventType "tourn"]
[EventRounds "13"]
[EventCountry "SRI"]
[SourceTitle "CB15_2024"]
[SourceDate "2024.04.10"]
[SourceVersion "1"]
[SourceVersionDate "2024.04.10"]
[SourceQuality "1"]

1. e4 e5 2. Nf3 Nc6 3. Bb5 a6 4. Ba4 Nf6 5. 0-0 d6 6. Re1 Bd7 7. c3 g6 8. d3 Bg7 9. Nbd2 0-0 10. Nf1 b5 11. Bc2 Nh5 12. Bg5 Qe8 13. a4 b4 14. Bb3 bxc3 15. bxc3 Na5 16. Bd5 Rb8 17. N3d2 h6 18. Be3 Nf6 19. Ba7 Rc8 20. Ba2 Kh8 21. Bb1 Nc6 22. Be3 Ng4 23. Nc4 Nxe3 24. Nfxe3 Ne7 25. g4 f5 26. exf5 gxf5 27. d4 e4 28. f3 Qf7 29. gxf5 d5 30. fxe4 dxc4 31. Qe2 c5 32. Nxc4 Rb8 33. Ba2 Qf6 34. Ne5 Qg5+ 35. Qg2 Bxe5 36. Qxg5 Bxd4+ 37. cxd4 hxg5 38. dxc5 Rb2 39. Bc4 Bc6 40. Ra2 Rxa2 41. Bxa2 Rd8 42. Bc4 Rd4 43. Bxa6 Rxa4 44. Bd3 Ra3 45. Bb1 Rc3 46. Kf2 Ng8 47. Rg1 Rb3 48. e5 Ne7 49. f6 Nd5 50. f7 Kg7 51. e6 Rb2+ 52. Kg3 Nf6 53. Bf5 Kf8 54. Rd1 Rb3+ 55. Rd3 Rxd3+ 56. Bxd3 Ke7 57. Bf5 Be4 58. Bxe4 Nxe4+ 59. Kg4 Nxc5 60. Kxg5 Nxe6+ 61. Kg6 Kf8 62. h4 Nd8 1/2-1/2

[Event "Titled Tuesday intern op 12th Mar Early"]
[Site "Chess.com INT"]
[Date "2024.03.12"]
[Round "5"]
[White "De Silva, LMST"]
[Black "Danielian, Vardan"]
[Result "1-0"]
[WhiteElo "2362"]
[BlackElo "2230"]
[PlyCount "51"]
[EventDate "2024.03.12"]
[EventType "swiss (blitz)"]
[EventRounds "11"]
[EventCountry "USA"]
[SourceTitle "CB12_2024"]
[SourceDate "2023.10.01"]
[SourceVersion "1"]
[SourceVersionDate "2023.10.01"]
[SourceQuality "1"]

1. Nf3 Nf6 2. e3 g6 3. b3 Bg7 4. Bb2 0-0 5. Be2 d6 6. d4 e5 7. dxe5 Ng4 8. Nc3 Nxe5 9. Qd2 Nbc6 10. 0-0-0 Nxf3 11. Bxf3 a5 12. h4 a4 13. Nxa4 Bxb2+ 14. Kxb2 Rxa4 15. bxa4 Ne5 16. Bd5 Qf6 17. Qc3 Be6 18. f4 Bxd5 19. fxe5 Qe6 20. exd6 cxd6 21. Qd4 Bc6 22. h5 Ra8 23. h6 f6 24. Qxd6 Qf7 25. Rh4 g5 26. Rhd4 1-0

[Event "Titled Tuesday intern op 12th Mar Early"]
[Site "Chess.com INT"]
[Date "2024.03.12"]
[Round "4"]
[White "Pichot, Alan"]
[Black "De Silva, LMST"]
[Result "1-0"]
[WhiteElo "2644"]
[BlackElo "2362"]
[PlyCount "35"]
[EventDate "2024.03.12"]
[EventType "swiss (blitz)"]
[EventRounds "11"]
[EventCountry "USA"]
[SourceTitle "CB12_2024"]
[SourceDate "2023.10.01"]
[SourceVersion "1"]
[SourceVersionDate "2023.10.01"]
[SourceQuality "1"]

1. e4 e5 2. Nf3 Nc6 3. Bc4 Nf6 4. d3 h6 5. a4 d6 6. 0-0 g5 7. c3 g4 8. Ne1 h5 9. f4 exf4 10. Bxf4 Bh6 11. Qd2 Bg7 12. Bg5 Nb8 13. Qf4 Nbd7 14. d4 Qe7 15. Nd3 Qxe4 16. Re1 Qxe1+ 17. Nxe1 0-0 18. Nd2 1-0

[Event "Titled Tuesday intern op 12th Mar Early"]
[Site "Chess.com INT"]
[Date "2024.03.12"]
[Round "9"]
[White "Rustemov, Alexander"]
[Black "De Silva, LMST"]
[Result "1-0"]
[WhiteElo "2525"]
[BlackElo "2362"]
[PlyCount "121"]
[EventDate "2024.03.12"]
[EventType "swiss (blitz)"]
[EventRounds "11"]
[EventCountry "USA"]
[SourceTitle "CB12_2024"]
[SourceDate "2023.10.01"]
[SourceVersion "1"]
[SourceVersionDate "2023.10.01"]
[SourceQuality "1"]

1. d4 Nf6 2. c4 e6 3. Nf3 b6 4. a3 Bb7 5. Nc3 Ne4 6. Nxe4 Bxe4 7. Bf4 Be7 8. e3 0-0 9. Bd3 Bxd3 10. Qxd3 d6 11. 0-0 Nd7 12. Rfd1 f5 13. h3 Bf6 14. Bg3 Qe7 15. b4 a5 16. Rac1 axb4 17. axb4 g6 18. c5 bxc5 19. dxc5 Ne5 20. cxd6 cxd6 21. Qxd6 Nxf3+ 22. gxf3 Rf7 23. Rc6 Qxd6 24. Bxd6 Be7 25. b5 Bxd6 26. Rdxd6 Ra2 27. Rxe6 Rb2 28. b6 Rd7 29. Red6 Re7 30. f4 Kg7 31. Rc7 Rxc7 32. bxc7 Rc2 33. Rd7+ Kh6 34. Kg2 Rc3 35. Kg3 Rc1 36. f3 Rc3 37. Kh4 Rc4 38. e4 fxe4 39. fxe4 g5+ 40. fxg5+ Kg6 41. Re7 Rc5 42. Re6+ Kg7 43. Re7+ Kg6 44. Kg4 Rxg5+ 45. Kf4 Rc5 46. e5 Rc4+ 47. Ke3 Kf5 48. Kd3 Rc1 49. Kd4 h5 50. Kd5 h4 51. Rf7+ Kg6 52. e6 Rd1+ 53. Kc6 Rc1+ 54. Kd7 Rd1+ 55. Ke8 Kh6 56. Rd7 Rg1 57. Ke7 Rg7+ 58. Kd6 Rg8 59. Rd8 Kg7 60. Rxg8+ Kf6 61. c8Q 1-0

[Event "Titled Tuesday intern op 06th Feb Early"]
[Site "Chess.com INT"]
[Date "2024.02.06"]
[Round "4"]
[White "De Silva, LMST"]
[Black "Santos Flores, Alberto Javier"]
[Result "0-1"]
[WhiteElo "2374"]
[BlackElo "2183"]
[PlyCount "60"]
[EventDate "2024.02.06"]
[EventType "swiss (blitz)"]
[EventRounds "11"]
[EventCountry "USA"]
[SourceTitle "CB07_2024"]
[SourceDate "2024.02.14"]
[SourceVersion "1"]
[SourceVersionDate "2024.02.14"]
[SourceQuality "1"]

1. Nf3 d5 2. e3 Nf6 3. c4 c6 4. Nc3 a6 5. b3 Bf5 6. Bb2 e6 7. d4 h6 8. Bd3 Bxd3 9. Qxd3 Nbd7 10. 0-0 Be7 11. e4 dxe4 12. Nxe4 0-0 13. Ng3 b5 14. Rfd1 bxc4 15. bxc4 Qa5 16. Bc3 Qa4 17. c5 Nd5 18. Bd2 Rab8 19. Ne4 N7f6 20. Ne5 Nxe4 21. Qxe4 Rb2 22. Qg4 Kh8 23. Qh5 Kg8 24. Bxh6 gxh6 25. Rd3 Bg5 26. h4 Nf4 27. Qg4 Nxd3 28. Nxd3 Rxa2 29. Rxa2 Qxa2 30. hxg5 Qb1+ 0-1

[Event "Titled Tuesday intern op 06th Feb Early"]
[Site "Chess.com INT"]
[Date "2024.02.06"]
[Round "3"]
[White "Eilers, Stefan"]
[Black "De Silva, LMST"]
[Result "0-1"]
[WhiteElo "2275"]
[BlackElo "2374"]
[PlyCount "76"]
[EventDate "2024.02.06"]
[EventType "swiss (blitz)"]
[EventRounds "11"]
[EventCountry "USA"]
[SourceTitle "CB07_2024"]
[SourceDate "2024.02.14"]
[SourceVersion "1"]
[SourceVersionDate "2024.02.14"]
[SourceQuality "1"]

1. d4 Nf6 2. Bg5 e6 3. e4 h6 4. Bxf6 Qxf6 5. c3 d6 6. Nd2 g6 7. Ngf3 Bg7 8. Bc4 0-0 9. 0-0 Nd7 10. a4 a5 11. Re1 b6 12. Nf1 Bb7 13. Ng3 e5 14. Bd5 c6 15. Bb3 Rae8 16. Qd2 exd4 17. cxd4 c5 18. Rad1 cxd4 19. Nxd4 Nc5 20. Bc2 d5 21. exd5 Bxd5 22. Nf1 Bb7 23. Ne3 Qg5 24. Nb3 Ne4 25. Bxe4 Bxe4 26. g3 Bf3 27. Rc1 Qh5 28. h4 Ba8 29. Nd4 Bxd4 30. Qxd4 Qf3 31. Kf1 Re4 32. Qxb6 Rfe8 33. Qc7 Rxe3 34. Rxe3 Rxe3 35. Qc8+ Kh7 36. Qxa8 Qxa8 37. fxe3 Qh1+ 38. Ke2 Qxc1 0-1

[Event "Western Asia-ch U20"]
[Site "Colombo"]
[Date "2023.11.30"]
[Round "1"]
[White "De Silva, LMST"]
[Black "Ovitigala, Chenitha Mithvidu"]
[Result "1-0"]
[WhiteElo "2394"]
[BlackElo "1709"]
[PlyCount "141"]
[EventDate "2023.11.30"]
[EventType "swiss"]
[EventRounds "9"]
[EventCountry "SRI"]
[SourceTitle "CB50_2023"]
[SourceDate "2023.12.13"]
[SourceVersion "1"]
[SourceVersionDate "2023.12.13"]
[SourceQuality "1"]

1. Nf3 Nf6 2. c4 e6 3. e3 d5 4. b3 g6 5. Bb2 Bg7 6. Be2 0-0 7. 0-0 b6 8. cxd5 exd5 9. Nc3 Bb7 10. Rc1 Ne4 11. Qc2 Nxc3 12. Bxc3 c5 13. Bxg7 Kxg7 14. d4 Nd7 15. dxc5 bxc5 16. Rfd1 Qe7 17. Ne1 Rac8 18. Bf3 Nf6 19. Qb2 Kg8 20. Qa3 Rc7 21. Nd3 c4 22. Qxe7 Rxe7 23. bxc4 dxc4 24. Bxb7 Rxb7 25. Rxc4 Rd8 26. Kf1 Kg7 27. Ke1 Rd6 28. f3 Rd5 29. e4 Ra5 30. Rd2 Rb1+ 31. Rc1 Rb6 32. Nc5 Rc6 33. Rdc2 Nh5 34. Nb3 Rxc2 35. Rxc2 Ra3 36. Kd2 Nf4 37. g3 Ne6 38. Kc1 Ng5 39. Kb2 Ra6 40. Rc3 Rd6 41. h4 Ne6 42. Kc1 Ra6 43. Rc2 Rd6 44. Rd2 Rc6+ 45. Kb2 Rc7 46. f4 Rb7 47. Rd5 Rb4 48. e5 Re4 49. Kc3 Re3+ 50. Rd3 Re2 51. a4 Re4 52. a5 h5 53. Kb2 Nc7 54. Rd7 Nb5 55. Nc5 Rc4 56. Ne6+ Kg8 57. Rd8+ Kh7 58. Ng5+ Kg7 59. Rd7 Rb4+ 60. Kc2 Rc4+ 61. Kb3 Rc7 62. e6 Rxd7 63. exd7 Nd4+ 64. Kc4 Nc6 65. Kd5 Nd8 66. a6 Kg8 67. Kd6 Kf8 68. Ne4 f5 69. Nc5 Nf7+ 70. Ke6 Nd8+ 71. Kf6 1-0

[Event "Asian Games"]
[Site "Hangzhou"]
[Date "2023.09.26"]
[Round "6"]
[White "Ganerdene, Sugar"]
[Black "De Silva, LMST"]
[Result "0-1"]
[WhiteElo "2418"]
[BlackElo "2394"]
[PlyCount "110"]
[EventDate "2023.09.24"]
[EventType "swiss (rapid)"]
[EventRounds "9"]
[EventCountry "CHN"]
[SourceTitle "EXT 2024"]
[Source "ChessBase"]
[SourceDate "2023.10.10"]
[SourceVersion "1"]
[SourceVersionDate "2023.10.10"]
[SourceQuality "1"]

1. d4 Nf6 2. c4 e6 3. g3 d5 4. Nf3 Bb4+ 5. Bd2 a5 6. Bg2 0-0 7. Qc2 c5 8. cxd5 cxd4 9. Nxd4 Qb6 10. e3 exd5 11. 0-0 Nc6 12. Nxc6 bxc6 13. Rc1 Rb8 14. Nc3 h5 15. Na4 Qd8 16. a3 Bxd2 17. Qxd2 h4 18. Qd4 h3 19. Bf3 Qd7 20. Qf4 Qf5 21. Qxf5 Bxf5 22. Rc5 Ra8 23. Bd1 Rfb8 24. Bc2 Bg4 25. Bd1 Be6 26. f3 d4 27. exd4 Rd8 28. Rxc6 Rxd4 29. Nc5 Rad8 30. Be2 Bd5 31. Rb6 Bc4 32. Nb3 Bxe2 33. Nxd4 Rxd4 34. Kf2 Bc4 35. g4 Nd5 36. Rb8+ Kh7 37. Kg3 Nf4 38. Re1 g5 39. Re5 f6 40. Re7+ Kg6 41. Rbb7 Ne6 42. Rbd7 Rf4 43. Kf2 f5 44. gxf5+ Rxf5 45. Kg3 Rf4 46. Rb7 Nd4 47. Rb6+ Kf5 48. Re3 Be6 49. Ra6 Kf6 50. Rd3 a4 51. Kf2 g4 52. Ke3 Rxf3+ 53. Kxd4 Rxd3+ 54. Kxd3 g3 55. Rxa4 gxh2 0-1

[Event "AI Cup Play In"]
[Site "Chess.com INT"]
[Date "2023.09.18"]
[Round "1"]
[White "De Silva, LMST"]
[Black "Henriquez Villagra, Cristobal"]
[Result "0-1"]
[WhiteElo "2394"]
[BlackElo "2630"]
[PlyCount "73"]
[EventDate "2023.09.18"]
[EventType "swiss (rapid)"]
[EventRounds "9"]
[EventCountry "USA"]
[SourceTitle "EXT 2024"]
[Source "ChessBase"]
[SourceDate "2023.10.10"]
[SourceVersion "1"]
[SourceVersionDate "2023.10.10"]
[SourceQuality "1"]

1. c4 e6 2. Nf3 d5 3. e3 Nf6 4. b3 Be7 5. Bb2 b6 6. cxd5 exd5 7. Be2 0-0 8. 0-0 Re8 9. Nc3 Bb7 10. d4 Nbd7 11. Rc1 a6 12. Qc2 Bd6 13. Nd2 Rc8 14. Bd3 Qe7 15. Rfe1 c5 16. dxc5 bxc5 17. e4 d4 18. Ne2 Ne5 19. Ng3 g6 20. Bf1 Nfg4 21. Nc4 Nxc4 22. Bxc4 Bf4 23. Rcd1 Qh4 24. h3 Nxf2 25. Qxf2 Qxg3 26. Qxg3 Bxg3 27. Rf1 Rc7 28. Rd3 Be5 29. Rdf3 Ree7 30. Bc1 Bxe4 31. R3f2 d3 32. Be3 Kg7 33. Rd2 Red7 34. Rfd1 Bc3 35. Rf2 a5 36. Bd2 Bd4 37. Bxa5 0-1

[Event "AI Cup Play In"]
[Site "Chess.com INT"]
[Date "2023.09.18"]
[Round "4"]
[White "De Silva, LMST"]
[Black "Rustemov, Alexander"]
[Result "1-0"]
[WhiteElo "2394"]
[BlackElo "2525"]
[PlyCount "131"]
[EventDate "2023.09.18"]
[EventType "swiss (rapid)"]
[EventRounds "9"]
[EventCountry "USA"]
[SourceTitle "EXT 2024"]
[Source "ChessBase"]
[SourceDate "2023.10.10"]
[SourceVersion "1"]
[SourceVersionDate "2023.10.10"]
[SourceQuality "1"]

1. e4 e6 2. d4 d5 3. Nc3 Bb4 4. exd5 exd5 5. Bd3 Nc6 6. Nge2 Nge7 7. 0-0 Bf5 8. Bxf5 Nxf5 9. Qd3 Qd7 10. Nb5 Ba5 11. Bf4 Nfe7 12. c3 a6 13. Na3 0-0 14. Nc2 Qf5 15. Qd2 Ng6 16. Bg3 Nce7 17. Ne3 Qd7 18. Nc1 c6 19. Nd3 Bb6 20. Rae1 Nf5 21. Nxf5 Qxf5 22. Re2 Rfe8 23. Rfe1 Qd7 24. h4 Rxe2 25. Qxe2 f6 26. h5 Nf8 27. h6 g5 28. Qe7 Bd8 29. Qxd7 Nxd7 30. Re8+ Kf7 31. Rh8 Nf8 32. Bd6 Be7 33. Bxe7 Kxe7 34. Rg8 b6 35. f4 gxf4 36. Nxf4 Kd6 37. Ng6 hxg6 38. h7 Nxh7 39. Rxa8 a5 40. Rg8 Ng5 41. Rxg6 Ne4 42. Kf1 a4 43. a3 Ke6 44. Ke2 Nd6 45. Kd3 Nc4 46. Kc2 Ne3+ 47. Kc1 Kf5 48. Rg8 b5 49. g3 Ke4 50. Rc8 Kf3 51. Rxc6 Ng4 52. Rc5 Kxg3 53. Rxd5 Ne3 54. Rxb5 f5 55. Kd2 f4 56. Ke2 Nc4 57. Rg5+ Kh4 58. Rg8 Nxb2 59. d5 Nc4 60. Kd3 Nd6 61. c4 f3 62. c5 Nf5 63. d6 f2 64. Ke2 Ng3+ 65. Rxg3 Kxg3 66. Kf1 1-0

[Event "AI Cup Play In"]
[Site "Chess.com INT"]
[Date "2023.09.18"]
[Round "6"]
[White "Sanal, Vahap"]
[Black "De Silva, LMST"]
[Result "0-1"]
[WhiteElo "2603"]
[BlackElo "2394"]
[PlyCount "128"]
[EventDate "2023.09.18"]
[EventType "swiss (rapid)"]
[EventRounds "9"]
[EventCountry "USA"]
[SourceTitle "EXT 2024"]
[Source "ChessBase"]
[SourceDate "2023.10.10"]
[SourceVersion "1"]
[SourceVersionDate "2023.10.10"]
[SourceQuality "1"]

1. e4 e5 2. Nc3 Nf6 3. Bc4 Nc6 4. d3 Na5 5. Nge2 Nxc4 6. dxc4 d6 7. Qd3 Be7 8. h3 a5 9. Be3 Be6 10. a4 Nd7 11. b3 0-0 12. g4 Nc5 13. Bxc5 dxc5 14. Qg3 f6 15. h4 Ra6 16. h5 Rd6 17. f3 c6 18. Qf2 b6 19. Qe3 Qd7 20. Rd1 Rd8 21. Rxd6 Qxd6 22. Kf2 Bf8 23. Rd1 Qc7 24. Rg1 Qd6 25. Rd1 Qc7 26. Rxd8 Qxd8 27. Ke1 g6 28. hxg6 hxg6 29. Nd1 Kh7 30. Qd3 Qd7 31. Nf2 Bh6 32. Ng1 Kg7 33. Ngh3 Kf7 34. Kf1 Qd4 35. Kg2 Bf8 36. Ng1 Ke7 37. Ne2 Qxd3 38. Nxd3 Kd7 39. g5 Bg7 40. gxf6 Bxf6 41. Kg3 Kd6 42. Nc3 Bg5 43. Nd1 Bd2 44. N1f2 b5 45. Ng4 Bc3 46. f4 exf4+ 47. Kxf4 bxc4 48. e5+ Kd5 49. Ne3+ Kd4 50. Nc1 g5+ 51. Kf3 Kxe5 52. bxc4 Bd2 53. Nb3 Bb4 54. Nc1 g4+ 55. Kf2 Ke4 56. Nb3 g3+ 57. Ke2 Bf7 58. c3 Bh5+ 59. Kf1 Bxc3 60. Nc2 Kd3 61. Ne1+ Kxc4 62. Nc1 Bxe1 63. Kxe1 Bf3 64. Kf1 Kc3 0-1

[Event "AI Cup Play In"]
[Site "Chess.com INT"]
[Date "2023.09.18"]
[Round "7"]
[White "Zakhartsov, Vladimir"]
[Black "De Silva, LMST"]
[Result "1-0"]
[WhiteElo "2526"]
[BlackElo "2394"]
[PlyCount "69"]
[EventDate "2023.09.18"]
[EventType "swiss (rapid)"]
[EventRounds "9"]
[EventCountry "USA"]
[SourceTitle "EXT 2024"]
[Source "ChessBase"]
[SourceDate "2023.10.10"]
[SourceVersion "1"]
[SourceVersionDate "2023.10.10"]
[SourceQuality "1"]

1. d4 Nf6 2. c4 e6 3. Nf3 b6 4. a3 Bb7 5. Nc3 g6 6. Qd3 d5 7. cxd5 exd5 8. Bg5 Bg7 9. g3 0-0 10. Bg2 h6 11. Bxf6 Qxf6 12. Ne5 Qd6 13. f4 Nd7 14. 0-0 c5 15. e3 a6 16. Nxd7 c4 17. Qc2 Qxd7 18. f5 Qd6 19. Rf3 Rae8 20. Raf1 h5 21. Ne2 Bc8 22. Bh3 g5 23. g4 Re4 24. gxh5 Rfe8 25. Qd2 Bh6 26. Rg3 g4 27. Nf4 Bxf5 28. Bg2 Kh8 29. Bxe4 Rxe4 30. Ne2 Qe6 31. Nf4 Qd7 32. Qg2 Bg5 33. Qf2 Bh4 34. Ng2 Bxg3 35. hxg3 1-0